|
|
|
|
| LEADER |
00942nam a2200289 a 4500 |
| 001 |
000271263 |
| 003 |
CZ BrMZK |
| 005 |
20070201062514.0 |
| 008 |
980105s1997 xr f cze d |
| 015 |
|
|
|a cnb000291458
|
| 020 |
|
|
|a 80-902051-9-4
|
| 035 |
|
|
|a (OCoLC)39583937
|
| 040 |
|
|
|a BOA001
|b cze
|
| 080 |
|
|
|a 728.82(437.1)
|2 MRF
|
| 100 |
1 |
|
|a Malá, Věra,
|d 1941-
|7 xx0021423
|4 aut
|
| 245 |
1 |
0 |
|a Rezidence Lány /
|c [text Věra Malá, Petr Krajči]
|
| 250 |
|
|
|a Vyd. 1.
|
| 260 |
|
|
|a Praha :
|b Správa Pražského hradu,
|c 1997
|
| 300 |
|
|
|a 59 s., [1] příl. :
|b il, mapa ;
|c 21 cm
|
| 490 |
1 |
|
|a Knižnice Pražského hradu
|
| 500 |
|
|
|a Bibliogr.
|
| 653 |
0 |
|
|a Lány
|a rezidence
|a zámky
|
| 700 |
1 |
|
|a Krajči, Petr,
|d 1955-
|7 xx0021422
|4 aut
|
| 830 |
|
0 |
|a Knižnice Pražského hradu
|
| 910 |
|
|
|a BOA001
|b TK-0262.483
|
| 990 |
|
|
|a BK
|
| 996 |
7 |
|
|b 2620009333
|c TK-0262.483
|l MZK
|r Sklad / do 24 hodin
|n 3
|p dar
|w 000271263
|u 000010
|a 1
|e BOA001
|j MZK50
|s A
|